Documentos sobre relaciones internacionales de los reyes católicos
Guardado en:
| Autor principal: | |
|---|---|
| Formato: | Libro |
| Lenguaje: | español |
| Publicado: |
Barcelona, España
Consejo Superior de Investigaciones Científicas
1949
|
| Colección: | Biblioteca Reyes Católicos. Documentos y Textos,
3 |
| Materias: | |
| Etiquetas: |
Agregar Etiqueta
Sin Etiquetas, Sea el primero en etiquetar este registro!
|
MARC
| LEADER | 00000nam a2200000 a 4500 | ||
|---|---|---|---|
| 001 | UCO1334 | ||
| 003 | CL-VaPUC | ||
| 005 | 20201106001246.0 | ||
| 008 | 000512e19490000SP |||||||||||||||||spa|d | ||
| 999 | |c 287962 |d 287960 | ||
| 040 | |c Pontificia Universidad Católica de Valparaíso | ||
| 082 | 0 | 4 | |a 327.46 TOR 1949 |2 21 |
| 100 | 0 | |a Torre, Antonio de la |e author |9 443358 | |
| 245 | 1 | 0 | |a Documentos sobre relaciones internacionales de los reyes católicos |
| 260 | |a Barcelona, España |b Consejo Superior de Investigaciones Científicas |c 1949 | ||
| 300 | |a 3 volúmenes | ||
| 490 | 0 | |a Biblioteca Reyes Católicos. Documentos y Textos, |v 3 | |
| 500 | |a v.1: 1479-1483 | ||
| 500 | |a v.2: 1484-1487 | ||
| 500 | |a v.3: 1488-1491 | ||
| 583 | |a last modification |c 20160817 01:04:52 |k Rodrigo Vera | ||
| 650 | 7 | |a DIPLOMACIA ESPAÑOLA |2 CL-VaPUC |9 443359 | |
| 650 | 0 | |a Relaciones Internacionales |z ESPAÑA |9 255740 | |
| 650 | 7 | |a HISTORIA DE ESPAÑA SIGLO 15 |2 CL-VaPUC |9 345321 | |
| 650 | 7 | |a REYES CATOLICOS |2 CL-VaPUC |9 420971 |z ESPAÑA | |
| 852 | |a BIBCUR | ||
| 942 | |c BK |2 ddc | ||
| 945 | |d 20000512 00:00:00 |a rherrera | ||
| 952 | |0 0 |1 0 |2 ddc |4 0 |6 327_460000000000000_TOR_1949 |7 0 |8 X |9 335077 |a BIBHIS |b BIBHIS |d 2019-11-20 |h v.1 |i 1280678 |o 327.46 TOR 1949 |p 1280678 |r 2024-01-30 |t 1 |w 2019-11-20 |y BK_X |k HIS | ||
| 952 | |0 0 |1 0 |2 ddc |4 0 |6 327_460000000000000_TOR_1949 |7 0 |8 X |9 335078 |a BIBHIS |b BIBHIS |d 2019-11-20 |h v.2 |i 1280686 |o 327.46 TOR 1949 |p 1280686 |r 2024-01-30 |t 1 |w 2019-11-20 |y BK_X |k HIS | ||
| 952 | |0 0 |1 0 |2 ddc |4 0 |6 327_460000000000000_TOR_1949 |7 0 |8 X |9 335079 |a BIBHIS |b BIBHIS |d 2019-11-20 |h v.3 |i 1280694 |o 327.46 TOR 1949 |p 1280694 |r 2024-01-30 |t 1 |w 2019-11-20 |y BK_X |k HIS | ||